| 000 | 00592nam a2200193 a 4500 | ||
|---|---|---|---|
| 001 | 000039970 | ||
| 005 | 20201002033835.0 | ||
| 008 | 130801s1992 mx d 000 0 spa d | ||
| 020 | _a9684514484 | ||
| 040 |
_aDO-SdBNP _bspa _cBNPHU |
||
| 082 | _axxx | ||
| 100 | 1 |
_aHayt Jr, William H. _966190 |
|
| 240 | 1 | 0 |
_aEngineering circuit analysis _lespañol |
| 245 | 1 | 0 |
_aAnálisis de circuitos en ingeniería / _cWilliam H. Hayt Jr., Jack E. Kemmerly. |
| 250 | _a4a ed. | ||
| 260 |
_aMéxico : _bMcGraw-Hill, _c1992. |
||
| 300 |
_a677 p. : _bdiagrs. ; _c24 cm. |
||
| 700 | 1 |
_aKemmerly, Jack E. _966191 |
|
| 999 |
_c39460 _d39460 |
||